Prime Ministers of India - Statistics

General Stats
  • This quiz has been taken 255 times
  • The average score is 8 of 18
Answer Stats
Hint Year Answer % Correct
Prime Minister 1966-1977 Indira Gandhi
97%
Prime Minister 1980-1984 Indira Gandhi
97%
Prime Minister 2014-current Narendra Modi
95%
Prime Minister 1947-1964 Jawaharlal Nehru
85%
Prime Minister 1984-1989 Rajiv Gandhi
84%
Prime Minister 2004-2014 Manmohan Singh
61%
Prime Minister 1979-1980 Charan Singh
59%
Prime Minister 1989-1990 Vishwanath Pratap Singh
58%
Prime Minister 1996-1996 Atal Bihari Vajpayee
29%
Prime Minister 1998-2004 Atal Bihari Vajpayee
29%
Prime Minister 1964-1966 Lal Bahadur Shastri
21%
Prime Minister 1991-1996 P. V. Narasimha Rao
21%
Prime Minister 1977-1979 Morarji Desai
19%
Prime Minister 1996-1997 H. D. Deve Gowda
16%
Prime Minister 1997-1998 Inder Kumar Gujral
16%
Acting Prime Minister 1964-1964 Gulzarilal Nanda
12%
Acting Prime Minister 1966-1966 Gulzarilal Nanda
12%
Prime Minister 1990-1991 Chandra Shekhar
11%
No matching quizzes found
Score Distribution
Percent of People with Each Score
Percentile by Number Answered
Your Score History
You have not taken this quiz